[Event "Aeroflot Open A 2018"]
[Site "Moscow RUS"]
[Date "2018.02.23"]
[Round "4.36"]
[White "Praggnanandhaa, R"]
[Black "Kobalia, Mikhail"]
[Result "1/2-1/2"]
[WhiteTitle "IM"]
[BlackTitle "GM"]
[WhiteElo "2507"]
[BlackElo "2599"]
[WhiteFideId "25059530"]
[BlackFideId "4119150"]
[EventDate "2018.02.20"]

1. e4 c5 2. Nf3 e6 3. d4 cxd4 4. Nxd4 Nc6 5. Nc3 d6 6. Be2 Nf6 7. O-O Be7 8. Be3
O-O 9. f4 a6 10. a4 Bd7 11. Nb3 Na5 12. e5 Ne8 13. Nxa5 Qxa5 14. Ne4 Qc7 15. a5
d5 16. Nd2 Bc5 17. Bxc5 Qxc5+ 18. Kh1 Nc7 19. Nb3 Qe7 20. Nd4 f6 21. Qd2 fxe5
22. fxe5 Bb5 23. c3 Bxe2 24. Qxe2 Qg5 25. Kg1 Qh6 26. Kh1 Qg5 27. Kg1 Qh6 28.
Kh1 1/2-1/2

[Event "Aeroflot Open A 2018"]
[Site "Moscow RUS"]
[Date "2018.02.23"]
[Round "4.37"]
[White "Tran, Tuan Minh"]
[Black "Kulaots, Kaido"]
[Result "1/2-1/2"]
[WhiteTitle "GM"]
[BlackTitle "GM"]
[WhiteElo "2522"]
[BlackElo "2582"]
[WhiteFideId "12401820"]
[BlackFideId "4500261"]
[EventDate "2018.02.20"]

1. d4 Nf6 2. c4 g6 3. Nc3 d5 4. cxd5 Nxd5 5. e4 Nxc3 6. bxc3 Bg7 7. Qa4+ Bd7 8.
Qa3 O-O 9. Nf3 e5 10. Bg5 Qe8 11. d5 f5 12. Bd3 Bb5 13. Bc2 Nd7 14. Qb4 Ba6 15.
Be3 Rf6 16. c4 f4 17. Bc1 Rb6 18. Qc3 c6 19. c5 Rb5 20. dxc6 bxc6 21. Bd3 Kh8
22. Ba3 Nxc5 23. Bxb5 Nxe4 24. Qc2 Bxb5 25. Qxe4 Bd3 26. Qxd3 e4 27. Qc4 exf3+
28. Kf1 Bxa1 29. gxf3 Qe5 30. Kg2 Qg5+ 31. Kh3 Qf5+ 32. Kg2 Qg5+ 33. Kh3 Qf5+
34. Kg2 Qg5+ 1/2-1/2

[Event "Aeroflot Open A 2018"]
[Site "Moscow RUS"]
[Date "2018.02.23"]
[Round "4.38"]
[White "Sarana, Alexey"]
[Black "Liu, Yan"]
[Result "1/2-1/2"]
[WhiteTitle "GM"]
[BlackTitle "IM"]
[WhiteElo "2577"]
[BlackElo "2476"]
[WhiteFideId "24133795"]
[BlackFideId "8608962"]
[EventDate "2018.02.20"]

1. d4 Nf6 2. c4 e6 3. g3 Bb4+ 4. Bd2 Qe7 5. Bg2 Nc6 6. e3 e5 7. d5 Nb8 8. Nc3
O-O 9. a3 Bxc3 10. Bxc3 d6 11. e4 a5 12. b3 Nbd7 13. Ne2 Nc5 14. Qc2 Bd7 15. O-O
b5 16. b4 axb4 17. axb4 Na4 18. Bd2 bxc4 19. Qxc4 Rfc8 20. Rfc1 Qe8 21. Bg5 Bb5
22. Qc2 Nd7 23. Be3 c6 24. dxc6 Rxc6 25. Qd2 Ndb6 26. Bxb6 Rxb6 27. Bf3 g6 28.
h4 h5 29. Rc7 Rc6 30. Rxc6 Qxc6 31. Rc1 Qd7 32. Qg5 Qd8 33. g4 Qxg5 34. hxg5 h4
35. Kh2 Rb8 36. Rc7 Be8 37. Nc3 Nxc3 38. Rxc3 Rxb4 39. Kh3 Rb2 40. Bd1 Bb5 41.
Bc2 Rb4 1/2-1/2

[Event "Aeroflot Open A 2018"]
[Site "Moscow RUS"]
[Date "2018.02.23"]
[Round "4.39"]
[White "Pichot, Alan"]
[Black "Gallego Alcaraz, Andres Felipe"]
[Result "1/2-1/2"]
[WhiteTitle "GM"]
[BlackTitle "IM"]
[WhiteElo "2552"]
[BlackElo "2461"]
[WhiteFideId "110973"]
[BlackFideId "4402669"]
[EventDate "2018.02.20"]

1. e4 e6 2. d4 d5 3. Nd2 Nf6 4. e5 Nfd7 5. Bd3 c5 6. c3 Nc6 7. Ngf3 g6 8. O-O
Bg7 9. b3 O-O 10. Bb2 f6 11. exf6 Qxf6 12. dxc5 Nxc5 13. Bb5 Ne7 14. Re1 g5 15.
b4 a6 16. Bf1 Nd7 17. h3 h5 18. Qe2 g4 19. hxg4 hxg4 20. Nh2 Ne5 21. Rab1 N7g6
22. c4 Qg5 23. g3 Bd7 24. Bg2 Bc6 25. Bxe5 Nxe5 26. Rb3 dxc4 27. Nxc4 Bb5 28.
Qe3 Qxe3 29. Nxe3 Nd3 30. Rf1 Ne5 31. Rc1 Nd3 32. Rc2 Ne1 33. Rd2 Nxg2 34. Kxg2
Rad8 35. Rxd8 Rxd8 36. Nhxg4 Rd2 37. a3 Bc6+ 38. Kh3 Ra2 39. Rd3 Bb5 40. Rd8+
Kh7 41. Rd6 Rxa3 42. Rxe6 Bf8 43. Rb6 Bc6 44. Ne5 Be4 45. Kg4 Rb3 46. Nd7 Kg7
47. Nxf8 Kxf8 48. Nc4 Rc3 49. Nd6 Bf3+ 50. Kf4 Bc6 51. Kg4 Bf3+ 52. Kg5 Rc2 53.
Nf5 Bc6 54. f3 Rd2 55. g4 Kf7 56. f4 Rd5 57. Kh6 Rxf5 58. gxf5 Kf6 59. Kh5 Kxf5
60. Kh4 Kxf4 61. Kh3 Ke5 62. Kg3 Kd6 63. Kf2 Kc7 64. Rxa6 bxa6 65. Ke3 1/2-1/2

[Event "Aeroflot Open A 2018"]
[Site "Moscow RUS"]
[Date "2018.02.23"]
[Round "4.40"]
[White "Kotronias, Vasilios"]
[Black "Iniyan, P"]
[Result "0-1"]
[WhiteTitle "GM"]
[BlackTitle "IM"]
[WhiteElo "2529"]
[BlackElo "2460"]
[WhiteFideId "5900212"]
[BlackFideId "25002767"]
[EventDate "2018.02.20"]

1. e4 c5 2. Nf3 d6 3. d4 cxd4 4. Nxd4 Nf6 5. Nc3 a6 6. Bg5 e6 7. f4 Qc7 8. Qe2
b5 9. a3 Bb7 10. O-O-O Nbd7 11. g4 Be7 12. Bh4 Nc5 13. Bg2 Nh5 14. Bxe7 Nxf4 15.
Qf2 Qxe7 16. Qxf4 e5 17. Qe3 exd4 18. Qxd4 Qg5+ 19. Kb1 Rd8 20. Rhf1 O-O 21. Rf5
Qh4 22. h3 g6 23. Nd5 gxf5 24. Nf6+ Kh8 25. gxf5 Qg3 26. e5 Bxg2 27. Rg1 Na4 28.
e6 fxe6 29. fxe6 Qe5 30. Qxe5 dxe5 31. e7 Rde8 32. exf8=Q+ Rxf8 0-1

[Event "Aeroflot Open A 2018"]
[Site "Moscow RUS"]
[Date "2018.02.23"]
[Round "4.41"]
[White "Shinkevich, Vitaly"]
[Black "Sychev, Klementy"]
[Result "1/2-1/2"]
[WhiteTitle "IM"]
[BlackTitle "IM"]
[WhiteElo "2454"]
[BlackElo "2529"]
[WhiteFideId "4122690"]
[BlackFideId "4114060"]
[EventDate "2018.02.20"]

1. d4 Nf6 2. Nf3 g6 3. c4 Bg7 4. g3 d5 5. cxd5 Nxd5 6. Bg2 Nb6 7. O-O Nc6 8. e3
O-O 9. Nc3 Re8 10. d5 Na5 11. e4 c6 12. Re1 cxd5 13. exd5 Nac4 14. Qe2 e5 15.
dxe6 Rxe6 16. Rd1 Qe8 17. Qc2 Bd7 18. Bf4 Bc6 19. Rac1 Rc8 20. b3 Ne5 21. Nd4
Nf3+ 22. Bxf3 Bxf3 23. Nxe6 Qxe6 24. Rd3 Be4 25. Nxe4 Rxc2 26. Rxc2 Qxe4 27.
Rd8+ Bf8 28. Bh6 Qe1+ 29. Kg2 Qe4+ 30. Kg1 Qe1+ 31. Kg2 Qe4+ 32. Kg1 1/2-1/2

[Event "Aeroflot Open A 2018"]
[Site "Moscow RUS"]
[Date "2018.02.23"]
[Round "4.42"]
[White "Belyakov, Bogdan"]
[Black "Indjic, Aleksandar"]
[Result "1/2-1/2"]
[WhiteTitle "IM"]
[BlackTitle "GM"]
[WhiteElo "2486"]
[BlackElo "2612"]
[WhiteFideId "24104795"]
[BlackFideId "911925"]
[EventDate "2018.02.20"]

1. e4 d6 2. d4 Nf6 3. Nc3 e5 4. Nf3 Nbd7 5. Bc4 Be7 6. O-O Nb6 7. Be2 exd4 8.
Nxd4 O-O 9. a4 a5 10. f4 Re8 11. Bf3 Bf8 12. Re1 c6 13. h3 g6 14. Kh1 h5 15. b3
Nbd7 16. Be3 Ra6 17. Bf2 Bh6 18. Bg3 Nc5 19. Qd2 Bg4 20. Bh4 Bxf3 21. Nxf3 Ne6
22. g3 Bg7 23. Rad1 Qc8 24. Kg2 d5 25. Bxf6 Bxf6 26. exd5 Bxc3 27. Qxc3 cxd5 28.
Qxc8 Rxc8 29. Re2 Rac6 30. Rdd2 Kg7 31. Kf2 b6 32. Ne5 Rc3 33. h4 d4 34. Nd7
R8c6 35. Ne5 Rc7 36. Nd3 Kf6 37. Ne5 Kf5 38. Kg2 f6 39. Nf3 Rd7 40. Ne1 Nc5 41.
Kh3 d3 42. Nxd3 Nxd3 43. Rxd3 Rdxd3 44. cxd3 Rxb3 45. d4 b5 46. d5 bxa4 47. Rd2
Rb7 48. Rc2 a3 49. Rc5 Ra7 50. Rc3 a2 51. Ra3 a4 52. Rxa2 a3 53. Kg2 Kg4 54. d6
Rd7 55. f5 Kxf5 56. Rxa3 Rxd6 57. Kf3 Rd5 58. Rb3 Ra5 59. Rc3 g5 60. hxg5 Kxg5 1/2-1/2

[Event "Aeroflot Open A 2018"]
[Site "Moscow RUS"]
[Date "2018.02.23"]
[Round "4.43"]
[White "Debashis, Das"]
[Black "Bellaiche, Anthony"]
[Result "1-0"]
[WhiteTitle "GM"]
[BlackTitle "IM"]
[WhiteElo "2501"]
[BlackElo "2485"]
[WhiteFideId "5024854"]
[BlackFideId "615668"]
[EventDate "2018.02.20"]

1. c4 c6 2. Nf3 d5 3. e3 Nf6 4. Nc3 e6 5. d4 Nbd7 6. Bd3 dxc4 7. Bxc4 b5 8. Bd3
Bd6 9. O-O Bb7 10. Bd2 O-O 11. a3 a5 12. Rc1 Qe7 13. Ng5 b4 14. axb4 axb4 15.
Nce4 Nxe4 16. Nxe4 Rac8 17. Nc5 Nxc5 18. dxc5 Bxc5 19. Bxh7+ Kxh7 20. Qh5+ Kg8
21. Qxc5 Qxc5 22. Rxc5 b3 23. Bc3 f6 24. f4 Rfd8 25. e4 Ba6 26. Re1 Bd3 27. Ba5
Re8 28. Re3 Bc2 29. Kf2 Ra8 30. h4 Reb8 31. Bc3 Ra6 32. g4 Rb5 33. Rc4 c5 34. g5
e5 35. f5 Ra1 36. Rg3 Kf7 37. h5 Rh1 38. h6 fxg5 39. hxg7 Kxg7 40. Rxg5+ Kh6 41.
Rg6+ Kh7 42. Ra4 Rb7 43. Bxe5 Re7 44. Bf6 1-0

[Event "Aeroflot Open A 2018"]
[Site "Moscow RUS"]
[Date "2018.02.23"]
[Round "4.44"]
[White "Pogonina, Natalija"]
[Black "Gholami, Aryan"]
[Result "1/2-1/2"]
[WhiteTitle "WGM"]
[BlackTitle "IM"]
[WhiteElo "2478"]
[BlackElo "2489"]
[WhiteFideId "4147855"]
[BlackFideId "12513342"]
[EventDate "2018.02.20"]

1. d4 Nf6 2. c4 g6 3. Nf3 Bg7 4. e3 O-O 5. Be2 b6 6. O-O Bb7 7. Nc3 d5 8. cxd5
Nxd5 9. Bd2 c5 10. dxc5 bxc5 11. Qb3 Nb6 12. Rfd1 N8d7 13. a4 Rb8 14. e4 Qc7 15.
Bg5 Ne5 16. Nb5 Nxf3+ 17. Qxf3 Qe5 18. Bf4 Bxe4 19. Bxe5 Bxf3 20. Bxg7 Bxe2 21.
Bxf8 Bxd1 22. Bxe7 Bc2 23. Nc3 Nd7 24. Nd5 Rxb2 25. Nf6+ Nxf6 26. Bxf6 Rb6 27.
Be7 c4 28. a5 Re6 29. Bb4 f5 30. Re1 Kf7 31. f3 Rc6 32. Kf2 Bd3 33. Ke3 g5 34.
Kd4 Rc7 35. g3 Rb7 36. Kc3 h5 37. h4 f4 38. gxf4 gxh4 39. Rh1 Kg6 40. Rxh4 Rh7
41. Bc5 Kf5 42. Be3 a6 43. Bd2 Be2 44. Rh3 Bf1 45. Rh4 Kg6 46. Be3 Be2 47. Rh3
Kf6 48. Bf2 Kf5 49. Be3 Bf1 50. Rh4 Bg2 51. Kxc4 Bxf3 52. Kc5 Ke4 53. Bd2 Bg4
54. Kb6 Rh6+ 55. Ka7 Bf5 56. Bb4 Kf3 57. Bf8 Rh8 58. Kxa6 Rxf8 59. Rxh5 Bd3+ 60.
Kb6 Rf6+ 61. Kc7 Kxf4 62. Rd5 Ke4 63. Rd6 Rf7+ 64. Kb6 Rf1 65. a6 Rb1+ 66. Kc7
Ra1 1/2-1/2

[Event "Aeroflot Open A 2018"]
[Site "Moscow RUS"]
[Date "2018.02.23"]
[Round "4.45"]
[White "Dragnev, Valentin"]
[Black "Sargsyan, Shant"]
[Result "1-0"]
[WhiteTitle "IM"]
[BlackTitle "IM"]
[WhiteElo "2461"]
[BlackElo "2481"]
[WhiteFideId "1634852"]
[BlackFideId "13306766"]
[EventDate "2018.02.20"]

1. d4 Nf6 2. Nf3 d5 3. e3 e6 4. Bd3 Bd6 5. Nbd2 Nbd7 6. e4 dxe4 7. Nxe4 Nxe4 8.
Bxe4 Nf6 9. Bd3 c5 10. dxc5 Bxc5 11. Qe2 Qc7 12. Bg5 Bd7 13. O-O Be7 14. Rad1
Bc6 15. Ne5 O-O 16. Rfe1 Rad8 17. Qe3 Rd5 18. c4 Ra5 19. a3 h6 20. Bf4 Qb6 21.
Qe2 Ba4 22. Rc1 Qd4 23. Qd2 Qd8 24. b4 Ra6 25. c5 Rc6 26. Bxh6 Nd5 27. Rc4 Bf6
28. Rg4 Ne7 29. Nd7 Qxd7 30. Bh7+ Kxh7 31. Qxd7 gxh6 32. Qd3+ Ng6 33. b5 Rxc5
34. Rxa4 Rd5 35. Qf3 Bd4 36. Rxd4 Rxd4 37. Qxb7 Ra4 38. Rxe6 Rxa3 39. Ra6 Rb3
40. g3 h5 41. h4 1-0

[Event "Aeroflot Open A 2018"]
[Site "Moscow RUS"]
[Date "2018.02.24"]
[Round "5.1"]
[White "Artemiev, Vladislav"]
[Black "Bologan, Victor"]
[Result "1-0"]
[WhiteTitle "GM"]
[BlackTitle "GM"]
[WhiteElo "2697"]
[BlackElo "2600"]
[WhiteFideId "24101605"]
[BlackFideId "13900048"]
[EventDate "2018.02.20"]

1. c4 e5 2. e3 Nf6 3. Nc3 c6 4. Nf3 d6 5. d4 e4 6. Nd2 d5 7. Be2 Bd6 8. Qb3 Bc7
9. g4 h6 10. h4 a6 11. Rg1 g5 12. cxd5 gxh4 13. Ndxe4 h3 14. Bd2 h2 15. Nxf6+
Qxf6 16. Rh1 Rg8 17. O-O-O b5 18. f4 Qh4 19. Be1 Qe7 20. dxc6 Nxc6 21. Nd5 Qd6
22. Rxh2 Bd8 23. e4 Bxg4 24. Bxg4 Rxg4 25. Qh3 Qe6 26. Qf3 Rg1 27. Bc3 Rxd1+ 28.
Kxd1 Ne7 29. Nxe7 Bxe7 30. d5 Qb6 31. Rg2 O-O-O 32. Qh3+ Kb8 33. Be5+ Ka8 34.
Qc3 b4 35. Qc4 Qb7 36. f5 Rc8 37. Qd3 Bg5 38. Rc2 Re8 39. Bg3 Qb6 40. Rc6 Qg1+
41. Kc2 Qc1+ 42. Kb3 Qe3 43. Qxe3 Bxe3 44. d6 Rxe4 45. d7 Bg5 46. f6 1-0

[Event "Aeroflot Open A 2018"]
[Site "Moscow RUS"]
[Date "2018.02.24"]
[Round "5.2"]
[White "Petrosian, Tigran L."]
[Black "Gordievsky, Dmitry"]
[Result "1/2-1/2"]
[WhiteTitle "GM"]
[BlackTitle "GM"]
[WhiteElo "2589"]
[BlackElo "2630"]
[WhiteFideId "13301616"]
[BlackFideId "24112798"]
[EventDate "2018.02.20"]

1. e4 c5 2. Nf3 d6 3. g3 Nf6 4. d3 e5 5. Bg2 Be7 6. O-O O-O 7. Re1 Nc6 8. c3 Rb8
9. a4 Re8 10. h3 Bf8 11. Na3 a6 12. Bg5 h6 13. Bxf6 Qxf6 14. Nc4 b5 15. axb5
axb5 16. Ne3 Qd8 17. Nd5 Ne7 18. Nxe7+ Qxe7 19. Nd2 1/2-1/2

[Event "Aeroflot Open A 2018"]
[Site "Moscow RUS"]
[Date "2018.02.24"]
[Round "5.4"]
[White "Matlakov, Maxim"]
[Black "Karthikeyan, Murali"]
[Result "1/2-1/2"]
[WhiteTitle "GM"]
[BlackTitle "GM"]
[WhiteElo "2709"]
[BlackElo "2585"]
[WhiteFideId "4168003"]
[BlackFideId "5074452"]
[EventDate "2018.02.20"]

1. d4 Nf6 2. c4 e6 3. Nf3 d5 4. Nc3 Bb4 5. cxd5 exd5 6. Bg5 h6 7. Bh4 O-O 8. e3
Bf5 9. Qb3 Bxc3+ 10. bxc3 Nbd7 11. Be2 c5 12. dxc5 Nxc5 13. Qb4 Rc8 14. O-O Re8
15. Rad1 Nce4 16. Nd4 Bh7 17. c4 dxc4 18. Bxc4 Qe7 19. Qb3 g5 20. Bg3 a6 21. a4
h5 22. h3 Nxg3 23. fxg3 Qxe3+ 24. Kh2 Qxb3 25. Bxb3 Kg7 26. Nf5+ Bxf5 27. Rxf5
Kg6 28. Rdf1 Rc6 29. Ba2 g4 30. h4 Kg7 31. Bd5 Nxd5 32. Rxd5 f6 33. Rxh5 Re4 34.
a5 Rc2 1/2-1/2

[Event "Aeroflot Open A 2018"]
[Site "Moscow RUS"]
[Date "2018.02.24"]
[Round "5.5"]
[White "Kovalev, Vladislav"]
[Black "Karavade, Eesha"]
[Result "1-0"]
[WhiteTitle "GM"]
[BlackTitle "IM"]
[WhiteElo "2641"]
[BlackElo "2386"]
[WhiteFideId "13504398"]
[BlackFideId "5012600"]
[EventDate "2018.02.20"]

1. e4 c5 2. Nf3 d6 3. d4 cxd4 4. Qxd4 Nc6 5. Bb5 Bd7 6. Qd3 g6 7. c4 Bg7 8. Nc3
Nf6 9. O-O O-O 10. Bxc6 Bxc6 11. Rd1 Nd7 12. Nd4 Rc8 13. Qe2 Nc5 14. f3 Ne6 15.
Be3 Bd7 16. Rac1 a6 17. Nb3 b5 18. cxb5 Bxc3 19. bxc3 axb5 20. f4 Rc4 21. f5 Ng7
22. f6 exf6 23. Rxd6 Qc7 24. Rcd1 Be6 25. Bb6 Qb8 26. Qe3 Qa8 27. Rd8 Rc8 28.
Rxf8+ Rxf8 29. Bd4 Qxa2 30. Nc5 Rd8 31. h3 Ne8 32. Rf1 Qc4 33. Rb1 Ra8 34. Qf3
Ra3 35. Kh2 Bc8 36. Qg3 Ra8 37. e5 Bf5 38. Qf3 Nc7 39. Re1 Qd5 40. Qxd5 Nxd5 41.
exf6 h5 42. Re5 Nc7 43. Nb7 Bd3 44. Re7 Ne8 45. Kg3 Bc4 46. Kf4 Bd5 47. g4 hxg4
48. hxg4 Bc4 49. Ke5 Rc8 50. g5 Kf8 51. Bc5 Kg8 52. Bb4 Ra8 53. Na5 Rc8 54. Nb7
Ra8 55. Ba5 Kf8 56. Rd7 Be6 57. Rd8 Rxd8 58. Nxd8 Bc4 59. Bb4+ Kg8 60. Bd6 Nxd6
61. Kxd6 Kf8 62. Kd7 Bd5 63. Nc6 Be4 64. Ne5 Bd5 65. Kd8 Bb3 66. Nd7+ Kg8 67.
Ke7 Bc4 68. Ne5 Bb3 69. Ng4 1-0

[Event "Aeroflot Open A 2018"]
[Site "Moscow RUS"]
[Date "2018.02.24"]
[Round "5.6"]
[White "Lysyj, Igor"]
[Black "Maghsoodloo, Parham"]
[Result "1-0"]
[WhiteTitle "GM"]
[BlackTitle "GM"]
[WhiteElo "2618"]
[BlackElo "2594"]
[WhiteFideId "4150120"]
[BlackFideId "12539929"]
[EventDate "2018.02.20"]

1. Nf3 b6 2. d4 Bb7 3. c4 e6 4. g3 Bb4+ 5. Bd2 Bxf3 6. exf3 Bxd2+ 7. Qxd2 Nf6 8.
Bg2 d5 9. f4 Nc6 10. O-O O-O 11. cxd5 Nxd5 12. Nc3 Nce7 13. Rac1 c6 14. Ne4 Rc8
15. Ng5 Qd6 16. Rfd1 Rfd8 17. Qe2 h6 18. Nf3 Nf5 19. Rc4 Rc7 20. a3 c5 21. Qe5
f6 22. Qe1 cxd4 23. Nxd4 Rxc4 24. Nxe6 Nfe3 25. Bxd5 Nxd1 26. Bxc4 Nxb2 27.
Nxd8+ Nxc4 28. Qe8+ Qf8 29. Qd7 Kh8 30. Ne6 Qg8 31. f5 a5 32. a4 Ne5 33. Qb7 h5
34. Qxb6 Qa8 35. f4 Nf3+ 36. Kf2 Nxh2 37. Qd8+ Qxd8 38. Nxd8 Ng4+ 39. Kf3 Nh6
40. Ke4 Kh7 41. Nc6 g5 42. fxg6+ Kxg6 43. Nxa5 Nf5 44. Kf3 Nd4+ 45. Ke3 Nf5+ 46.
Kf2 Kf7 47. Nb7 Ke6 48. a5 Kd5 49. a6 Kc6 50. Nc5 Kb6 51. Nd7+ Kxa6 52. Nxf6 h4
53. g4 Ne7 54. Kg2 Kb6 55. Kh3 Kc6 56. Kxh4 Kd6 57. Kg5 Ke6 58. f5+ Kf7 59. Ne4
Nc6 60. Kf4 Nb4 61. g5 Nd3+ 62. Kg4 Ne5+ 63. Kh5 Kg7 64. Nd6 Kg8 65. g6 Nf3 66.
f6 Ne5 67. Nf5 1-0

[Event "Aeroflot Open A 2018"]
[Site "Moscow RUS"]
[Date "2018.02.24"]
[Round "5.7"]
[White "Antipov, Mikhail Al."]
[Black "Andreikin, Dmitry"]
[Result "1/2-1/2"]
[WhiteTitle "GM"]
[BlackTitle "GM"]
[WhiteElo "2598"]
[BlackElo "2712"]
[WhiteFideId "4107012"]
[BlackFideId "4158814"]
[EventDate "2018.02.20"]

1. e4 e5 2. Nf3 Nc6 3. Bc4 Bc5 4. O-O Nf6 5. d3 O-O 6. Re1 Ng4 7. Re2 Nd4 8.
Nxd4 Bxd4 9. h3 Nf6 10. Nd2 d6 11. Nf3 Bb6 12. Bb3 Be6 13. Be3 Re8 14. Ng5 Bxb3
15. axb3 Nd7 16. Nf3 Nf8 1/2-1/2

[Event "Aeroflot Open A 2018"]
[Site "Moscow RUS"]
[Date "2018.02.24"]
[Round "5.9"]
[White "Sargissian, Gabriel"]
[Black "Abdusattorov, Nodirbek"]
[Result "1-0"]
[WhiteTitle "GM"]
[BlackTitle "IM"]
[WhiteElo "2677"]
[BlackElo "2516"]
[WhiteFideId "13300881"]
[BlackFideId "14204118"]
[EventDate "2018.02.20"]

1. d4 Nf6 2. Nf3 e6 3. c4 d5 4. Nc3 a6 5. cxd5 exd5 6. Bg5 Be6 7. e3 Nbd7 8. h3
Bd6 9. Bd3 c6 10. Bf4 Qc7 11. Bxd6 Qxd6 12. O-O O-O 13. Rc1 Rfc8 14. Re1 h6 15.
Re2 c5 16. dxc5 Nxc5 17. Bb1 Rd8 18. Rd2 Qe7 19. Nd4 Rac8 20. Rdc2 Bd7 21. Qf3
g6 22. Rd1 Qe5 23. Nce2 Ba4 24. b3 Bd7 25. Qf4 Qxf4 26. Nxf4 Nce4 27. Nfe2 Rxc2
28. Bxc2 Rc8 29. f3 Nc3 30. Nxc3 Rxc3 31. Kf2 Kf8 32. g4 Ke7 33. Bb1 Rc8 34. h4
Ne8 35. Ne2 Nc7 36. Nf4 Bc6 37. h5 g5 38. Bf5 Rd8 39. Ne2 Nb5 40. a4 Nd6 41. Nd4
Bd7 42. Bxd7 Rxd7 43. Rc1 Kf6 44. Ke2 Ke5 45. Kd3 f5 46. gxf5 Nxf5 47. Nxf5 Kxf5
48. Rc8 Rd6 49. Kd4 g4 50. f4 Rf6 51. Rd8 Rf7 52. Rxd5+ Ke6 53. Ke4 Rg7 54. Rd2
Ke7 55. Kf5 1-0

[Event "Aeroflot Open A 2018"]
[Site "Moscow RUS"]
[Date "2018.02.24"]
[Round "5.10"]
[White "Korobov, Anton"]
[Black "Pavlov, Sergey2"]
[Result "1-0"]
[WhiteTitle "GM"]
[BlackTitle "IM"]
[WhiteElo "2664"]
[BlackElo "2485"]
[WhiteFideId "14105730"]
[BlackFideId "14114330"]
[EventDate "2018.02.20"]

1. c4 e5 2. d3 Nf6 3. Nf3 Nc6 4. a3 a5 5. Nc3 g6 6. g3 Bg7 7. Bg2 d5 8. cxd5
Nxd5 9. Bg5 Nde7 10. Ne4 f5 11. Nc5 e4 12. dxe4 Qxd1+ 13. Rxd1 Bxb2 14. exf5
Bxf5 15. a4 Bc2 16. Rd2 Bc3 17. Bf6 Bxf6 18. Rxc2 b6 19. Ne6 Ra7 20. O-O Kf7 21.
Nfg5+ Bxg5 22. Nxg5+ Kf6 23. Nxh7+ Rxh7 24. Bxc6 1-0

[Event "Aeroflot Open A 2018"]
[Site "Moscow RUS"]
[Date "2018.02.24"]
[Round "5.11"]
[White "Predke, Alexandr"]
[Black "Piorun, Kacper"]
[Result "1/2-1/2"]
[WhiteTitle "GM"]
[BlackTitle "GM"]
[WhiteElo "2595"]
[BlackElo "2659"]
[WhiteFideId "24107581"]
[BlackFideId "1130420"]
[EventDate "2018.02.20"]

1. e4 e5 2. Nf3 Nc6 3. Bb5 a6 4. Ba4 Nf6 5. O-O Be7 6. Re1 b5 7. Bb3 d6 8. a4
Bg4 9. c3 O-O 10. d3 Na5 11. Ba2 c5 12. Nbd2 h6 13. h3 Bd7 14. Nh4 Re8 15. Ng6
bxa4 16. Nxe7+ Qxe7 17. Bb1 c4 18. Nxc4 Nxc4 19. dxc4 Rec8 20. Bc2 Rxc4 21. Bxa4
Bxa4 22. Rxa4 Rxa4 23. Qxa4 Qb7 24. Qc2 1/2-1/2

[Event "Aeroflot Open A 2018"]
[Site "Moscow RUS"]
[Date "2018.02.24"]
[Round "5.12"]
[White "Xu, Yi"]
[Black "Sethuraman, S.P."]
[Result "1/2-1/2"]
[WhiteTitle "IM"]
[BlackTitle "GM"]
[WhiteElo "2490"]
[BlackElo "2646"]
[WhiteFideId "8605564"]
[BlackFideId "5021596"]
[EventDate "2018.02.20"]

1. e4 e5 2. Nf3 Nc6 3. Bb5 a6 4. Ba4 Nf6 5. O-O Be7 6. Re1 b5 7. Bb3 d6 8. c3
O-O 9. h3 Na5 10. Bc2 c5 11. d4 Qc7 12. d5 Bd7 13. b3 Rfe8 14. Nbd2 Nb7 15. a4
g6 16. Nf1 Nh5 17. Bh6 Reb8 18. axb5 axb5 19. Qd2 Nd8 20. b4 f6 21. Be3 Nf7 22.
N3h2 Qc8 23. Bd3 Ra6 24. Be2 Ng7 25. c4 Rxa1 26. Rxa1 bxc4 27. bxc5 dxc5 28.
Bxc4 Nd6 29. Ba6 Qc7 30. Qc2 c4 31. Rc1 c3 32. Qxc3 Qxc3 33. Rxc3 Nxe4 34. Rc7
Rd8 35. f3 Nd6 36. Bb6 Kf8 37. Ra7 Rb8 38. Bc7 Nc8 39. d6 Bd8 40. Bxb8 Bb6+ 41.
Kh1 Nxa7 42. Ng4 Ne8 43. Nfe3 Bc5 44. Nc4 Kf7 45. Ncxe5+ fxe5 46. Bc4+ Kf8 47.
Nxe5 Nf6 48. Bc7 Bd4 49. f4 Bb5 50. Bxb5 Nxb5 51. Bd8 Kg7 52. Be7 Ne4 53. d7
Ng3+ 54. Kh2 Nf1+ 55. Kh1 Ng3+ 56. Kh2 1/2-1/2

[Event "Aeroflot Open A 2018"]
[Site "Moscow RUS"]
[Date "2018.02.24"]
[Round "5.13"]
[White "Romanov, Evgeny"]
[Black "Yakubboev, Nodirbek"]
[Result "1/2-1/2"]
[WhiteTitle "GM"]
[BlackTitle "IM"]
[WhiteElo "2621"]
[BlackElo "2462"]
[WhiteFideId "4148843"]
[BlackFideId "14203987"]
[EventDate "2018.02.20"]

1. c4 e6 2. g3 Nf6 3. Bg2 d5 4. d4 Be7 5. Nf3 O-O 6. O-O Nbd7 7. Nc3 dxc4 8. a4
a5 9. e4 Nb6 10. Qe2 Bb4 11. e5 Nfd5 12. Ne4 Bd7 13. Nfg5 h6 14. Nh3 Be7 15. g4
f5 16. exf6 Nxf6 17. Nc5 e5 18. Nxd7 Qxd7 19. dxe5 Qxg4 20. f3 Qd4+ 21. Kh1 Nfd5
22. f4 Qd3 23. Qg4 Qf5 1/2-1/2

[Event "Aeroflot Open A 2018"]
[Site "Moscow RUS"]
[Date "2018.02.24"]
[Round "5.14"]
[White "Tabatabaei, M.amin"]
[Black "Aravindh, Chithambaram VR."]
[Result "1-0"]
[WhiteTitle "IM"]
[BlackTitle "GM"]
[WhiteElo "2577"]
[BlackElo "2617"]
[WhiteFideId "12521213"]
[BlackFideId "5072786"]
[EventDate "2018.02.20"]

1. d4 Nf6 2. c4 e6 3. Nf3 d5 4. Nc3 Bb4 5. Bg5 h6 6. Bxf6 Qxf6 7. e3 O-O 8. Rc1
dxc4 9. Bxc4 c5 10. O-O cxd4 11. Ne4 Qf5 12. Ng3 Qa5 13. exd4 Rd8 14. Qe2 Nd7
15. Rfd1 Nf6 16. Ne5 Bd7 17. f4 Be8 18. f5 exf5 19. Nxf5 Rac8 20. Qf3 Bf8 21.
Nxh6+ gxh6 22. Qxf6 Bg7 23. Bxf7+ Kh8 24. Ng6+ Kh7 25. Nf8+ 1-0

[Event "Aeroflot Open A 2018"]
[Site "Moscow RUS"]
[Date "2018.02.24"]
[Round "5.15"]
[White "Vavulin, Maksim"]
[Black "Alekseenko, Kirill"]
[Result "0-1"]
[WhiteTitle "IM"]
[BlackTitle "GM"]
[WhiteElo "2575"]
[BlackElo "2609"]
[WhiteFideId "4169530"]
[BlackFideId "4135539"]
[EventDate "2018.02.20"]

1. e4 e5 2. Nf3 Nc6 3. Bb5 a6 4. Ba4 Nf6 5. O-O Be7 6. Bxc6 dxc6 7. d3 Nd7 8.
Nbd2 O-O 9. Nc4 f6 10. Nh4 Nc5 11. Ne3 g6 12. Nf3 Re8 13. a4 a5 14. b3 Ne6 15.
Nc4 Bf8 16. Be3 b6 17. h4 Ng7 18. Nh2 Be6 19. Qf3 Bb4 20. Bh6 Bc3 21. Rad1 b5
22. Ne3 Rb8 23. g4 bxa4 24. bxa4 Rb4 25. Kh1 Kh8 26. Rg1 Rg8 27. g5 f5 28. Rb1
fxe4 29. dxe4 Rf8 30. Bxg7+ Kxg7 31. Nf5+ Rxf5 32. Qxc3 Rxe4 33. Rge1 Qd4 34.
Qxd4 Rxd4 35. Kg1 Rxh4 36. Nf1 Rxg5+ 37. Ng3 Bd5 38. Kf1 Rf4 39. Re3 h5 40. Rb7
Rxa4 41. Rxc7+ Kf6 0-1